[Event "Hampshire Major"]
[Site "Fareham"]
[Date "2023.11.05"]
[Round "6.4"]
[White "Soenen, Maxime"]
[Black "Jones, Tim"]
[Result "0-1"]
[WhiteElo "1566"]
[BlackElo "1795"]
[PlyCount "88"]
[EventDate "2023.11.03"]
[EventType "swiss"]
[EventRounds "6"]
[EventCountry "ENG"]
[SourceTitle "BritBase"]
[Source "John Saunders"]
[SourceDate "2025.02.10"]
[SourceVersion "1"]
[SourceVersionDate "2025.02.10"]
[SourceQuality "1"]

1. e4 c6 2. d4 d5 3. f3 dxe4 4. fxe4 e5 5. Nf3 Bg4 6. Bc4 Nd7 7. O-O Ngf6 8. c3 Qb6 9. a4 a5 10. b3 O-O-O 11. Be3 exd4 12. Bxd4 Bc5 13. Nbd2 Bxd4+ 14. cxd4 Ne5 15. Kh1 Rxd4 16. Qe2 Bxf3 17. Nxf3 Nxf3 18. Rxf3 Rhd8 19. Bxf7 Rd2 20. Qc4 Nxe4 21. Raf1 R2d4 22. Qe6+ Kb8 23. Qe5+ Ka7 24. Rf5 Nd6 25. R5f3 Nxf7 26. Rxf7 R4d7 27. Qxg7 Rd1 28. Qc3 R8d3 29. Qg7 Qxb3 30. Qxh7 Rxf1+ 31. Rxf1 Rd1 32. Qf5 Qxa4 33. Qc5+ Ka6 34. Qf2 b5 35. h3 Rxf1+ 36. Qxf1 Qc4 37. Qf8 b4 38. g4 b3 39. Kg2 Qe2+ 40. Kg3 b2 41. Qa8+ Kb5 42. Qb8+ Ka4 43. Qf4+ Ka3 44. Qd6+ c5 0-1

[Event "Hampshire Major"]
[Site "Fareham"]
[Date "2023.11.05"]
[Round "6.5"]
[White "Pinto, Phil B"]
[Black "McDonald, Robert"]
[Result "0-1"]
[WhiteElo "1698"]
[BlackElo "1788"]
[PlyCount "122"]
[EventDate "2023.11.03"]
[EventType "swiss"]
[EventRounds "6"]
[EventCountry "ENG"]
[SourceTitle "BritBase"]
[Source "John Saunders"]
[SourceDate "2025.02.10"]
[SourceVersion "1"]
[SourceVersionDate "2025.02.10"]
[SourceQuality "1"]

1. e4 c5 2. Nf3 d6 3. d4 cxd4 4. Nxd4 Nf6 5. Nc3 a6 6. Be3 e5 7. Nb3 Be6 8. f3 Be7 9. Qd2 d5 10. exd5 Nxd5 11. Nxd5 Qxd5 12. Qxd5 Bxd5 13. Bd3 Nd7 14. Rd1 Nf6 15. O-O O-O 16. Nd2 b5 17. Ne4 h6 18. Nxf6+ Bxf6 19. Bh7+ Kxh7 20. Rxd5 e4 21. b3 exf3 22. Rxf3 Rfd8 23. Rxd8 Rxd8 24. c4 bxc4 25. bxc4 Rc8 26. c5 Rc6 27. Rf1 Kg6 28. Kf2 Kf5 29. Ke2+ Ke6 30. Kd3 Be7 31. Kc4 g6 32. Rd1 h5 33. a4 Bf6 34. Bf4 Be7 35. Be3 Bf6 36. Bf4 Be7 37. Rd5 f6 38. Rd1 Rxc5+ 39. Kb3 Rd5 40. Rc1 g5 41. Bb8 Rd7 42. Re1+ Kf7 43. Bg3 h4 44. Bf2 Bd6 45. g3 hxg3 46. Bxg3 Bxg3 47. hxg3 Rd3+ 48. Kb4 Rxg3 49. Ka5 f5 50. Kxa6 Ra3 51. Kb5 g4 52. a5 Kf6 53. a6 Kg5 54. Kb6 g3 55. a7 Kg4 56. Kb7 f4 57. a8=Q Rxa8 58. Kxa8 g2 59. Re8 Kf3 60. Rg8 Kf2 61. Kb7 g1=Q 0-1

[Event "Hampshire Major"]
[Site "Fareham"]
[Date "2023.11.05"]
[Round "6.6"]
[White "Ferreira, Erico Oliveira"]
[Black "Edney, Richard H"]
[Result "0-1"]
[WhiteElo "1712"]
[BlackElo "1828"]
[PlyCount "87"]
[EventDate "2023.11.03"]
[EventType "swiss"]
[EventRounds "6"]
[EventCountry "ENG"]
[SourceTitle "BritBase"]
[Source "John Saunders"]
[SourceDate "2025.02.10"]
[SourceVersion "1"]
[SourceVersionDate "2025.02.10"]
[SourceQuality "1"]

1. Nf3 Nf6 2. b3 g6 3. Bb2 Bg7 4. g3 d6 5. d4 O-O 6. Bg2 Nbd7 7. O-O c6 8. c4 Qc7 9. Nbd2 Re8 10. Qc2 a5 11. a3 e5 12. Rac1 e4 13. Ng5 e3 14. fxe3 Bh6 15. Ndf3 Rxe3 16. Rce1 Re8 17. e4 Nf8 18. Bc1 Bg7 19. e5 Bf5 20. Qd2 N6d7 21. Nh4 dxe5 22. Nxf5 gxf5 23. dxe5 Rxe5 24. Qc2 Qb6+ 25. Kh1 Rae8 26. Rxe5 Rxe5 27. Bb2 Re7 28. Bxg7 Kxg7 29. Qxf5 Qxb3 30. Nxf7 Qxc4 31. Qg5+ Ng6 32. Qh6+ Kg8 33. Ng5 Qd3 34. Qh3 Qxa3 35. Be4 Qe3 36. Qf5 a4 37. h4 Qxg3 38. h5 Qh4+ 39. Kg2 Qxh5 40. Qa5 Qg4+ 41. Kh1 Kg7 42. Qd8 Qxg5 43. Bxg6 hxg6 44. Rd1 0-1

[Event "Hampshire Major"]
[Site "Fareham"]
[Date "2023.11.05"]
[Round "6.7"]
[White "Sugden, Freddie"]
[Black "Philidor, Tom"]
[Result "1-0"]
[WhiteElo "1751"]
[BlackElo "1725"]
[PlyCount "45"]
[EventDate "2023.11.03"]
[EventType "swiss"]
[EventRounds "6"]
[EventCountry "ENG"]
[SourceTitle "BritBase"]
[Source "John Saunders"]
[SourceDate "2025.02.10"]
[SourceVersion "1"]
[SourceVersionDate "2025.02.10"]
[SourceQuality "1"]

1. e4 e6 2. d4 d5 3. e5 c5 4. c3 Bd7 5. Bd3 Nc6 6. Nf3 Rc8 7. O-O cxd4 8. Re1 Nge7 9. h4 Qb6 10. Ng5 h6 11. Nh7 Ng6 12. Qh5 dxc3 13. Nxc3 Nb4 14. Bxg6 fxg6 15. Qxg6+ Kd8 16. Nxf8 Rxf8 17. Be3 d4 18. Qxg7 Re8 19. Bxd4 Qxd4 20. Rad1 Nd3 21. Re3 Qxh4 22. Rexd3 Re7 23. Rxd7+ 1-0

[Event "Hampshire Major"]
[Site "Fareham"]
[Date "2023.11.05"]
[Round "6.8"]
[White "Alexandrsov, Igor"]
[Black "Stout, Nicholas"]
[Result "1-0"]
[WhiteElo "1590"]
[BlackElo "1699"]
[PlyCount "79"]
[EventDate "2023.11.03"]
[EventType "swiss"]
[EventRounds "6"]
[EventCountry "ENG"]
[SourceTitle "BritBase"]
[Source "John Saunders"]
[SourceDate "2025.02.10"]
[SourceVersion "1"]
[SourceVersionDate "2025.02.10"]
[SourceQuality "1"]

1. d4 d5 2. c4 e6 3. Nc3 c5 4. Nf3 Nc6 5. cxd5 exd5 6. Bg5 Nf6 7. Bxf6 Qxf6 8. Nxd5 Qd8 9. dxc5 Bxc5 10. e3 Be6 11. Nc3 O-O 12. Be2 Qe7 13. O-O Rfd8 14. Qa4 h6 15. Rfd1 Rac8 16. Rac1 a6 17. Qh4 Qxh4 18. Nxh4 Be7 19. Nf3 Bf6 20. a3 Na5 21. Nd4 Bxd4 22. Rxd4 Rxd4 23. exd4 Nb3 24. Rd1 Rd8 25. d5 Bf5 26. Bd3 Bc8 27. Kf1 b5 28. Bc2 Na5 29. b3 Nb7 30. Ke2 Nd6 31. Ke3 Bb7 32. Ne4 Nf5+ 33. Kf4 g6 34. g4 Ne7 35. d6 Nd5+ 36. Ke5 Re8+ 37. Kd4 Kg7 38. Nc5 Ba8 39. Be4 Nc3 40. Kxc3 1-0

[Event "Hampshire Major"]
[Site "Fareham"]
[Date "2023.11.05"]
[Round "6.9"]
[White "Archer Lock, Helen"]
[Black "Warner, Nicholas"]
[Result "1-0"]
[WhiteElo "1646"]
[BlackElo "1610"]
[PlyCount "55"]
[EventDate "2023.11.03"]
[EventType "swiss"]
[EventRounds "6"]
[EventCountry "ENG"]
[SourceTitle "BritBase"]
[Source "John Saunders"]
[SourceDate "2025.02.10"]
[SourceVersion "1"]
[SourceVersionDate "2025.02.10"]
[SourceQuality "1"]

1. d4 d5 2. c4 e6 3. Nf3 Nf6 4. Nc3 c6 5. cxd5 exd5 6. Bg5 Be7 7. e3 Bg4 8. h3 Bxf3 9. Qxf3 O-O 10. Bd3 Nbd7 11. O-O Re8 12. e4 dxe4 13. Nxe4 Nxe4 14. Qxe4 Bxg5 15. Qxh7+ Kf8 16. Qh8+ Ke7 17. Qxg7 Bf6 18. Rfe1+ Ne5 19. Qg4 Rg8 20. Qe4 Rg5 21. dxe5 Rxe5 22. Qb4+ Ke8 23. Rxe5+ Bxe5 24. Qe4 Qe7 25. Re1 f6 26. f4 Bd4+ 27. Kh1 Bc5 28. Qg6+ 1-0

[Event "Hampshire Major"]
[Site "Fareham"]
[Date "2023.11.05"]
[Round "6.10"]
[White "Torrance, John"]
[Black "Balerno, Pietro Silke"]
[Result "0-1"]
[WhiteElo "1677"]
[BlackElo "1603"]
[PlyCount "96"]
[EventDate "2023.11.03"]
[EventType "swiss"]
[EventRounds "6"]
[EventCountry "ENG"]
[SourceTitle "BritBase"]
[Source "John Saunders"]
[SourceDate "2025.02.10"]
[SourceVersion "1"]
[SourceVersionDate "2025.02.10"]
[SourceQuality "1"]

1. e4 e6 2. d3 d5 3. Nd2 d4 4. f4 c5 5. Ngf3 Nc6 6. g3 Nf6 7. h3 Nd7 8. Bg2 e5 9. fxe5 Ndxe5 10. Nxe5 Nxe5 11. Nf3 Bd6 12. O-O Be6 13. Nxe5 Bxe5 14. Bf4 Bxf4 15. gxf4 g6 16. Qf3 Bd7 17. b4 cxb4 18. Qf2 Bc6 19. f5 f6 20. fxg6 hxg6 21. Qxf6 Qxf6 22. Rxf6 Rg8 23. Raf1 O-O-O 24. Bf3 Kc7 25. Bg4 Rd6 26. Rf7+ Kb6 27. R1f6 Rgd8 28. Rxd6 Rxd6 29. Kf2 Ka5 30. Bc8 Ka4 31. Bxb7 Ka3 32. Bxc6 Rxc6 33. Rxa7+ Kb2 34. Rb7 Rxc2+ 35. Kf3 Kc3 36. e5 Rxa2 37. e6 Ra6 38. e7 Re6 39. Kf4 b3 40. Kg5 b2 41. Rc7+ Kxd3 42. Rb7 Rxe7 43. Rxb2 Kc3 44. Rf2 Re6 45. h4 d3 46. Ra2 d2 47. Ra3+ Kb2 48. Rd3 Kc2 0-1

[Event "Hampshire Major"]
[Site "Fareham"]
[Date "2023.11.05"]
[Round "6.11"]
[White "Belinger, John"]
[Black "Devlin, Liam"]
[Result "1/2-1/2"]
[WhiteElo "1614"]
[BlackElo "1606"]
[PlyCount "42"]
[EventDate "2023.11.03"]
[EventType "swiss"]
[EventRounds "6"]
[EventCountry "ENG"]
[SourceTitle "BritBase"]
[Source "John Saunders"]
[SourceDate "2025.02.10"]
[SourceVersion "1"]
[SourceVersionDate "2025.02.10"]
[SourceQuality "1"]

1. e4 c5 2. Nf3 Nc6 3. d4 cxd4 4. Nxd4 g6 5. Nc3 Bg7 6. Be3 e6 7. Qd2 a6 8. O-O-O Qf6 9. Nxc6 bxc6 10. Bd4 Qxd4 11. Qxd4 Bxd4 12. Rxd4 Ne7 13. Bc4 d5 14. Rhd1 O-O 15. exd5 cxd5 16. Bb3 e5 17. R4d2 d4 18. Nd5 Ra7 19. Re1 Nxd5 20. Bxd5 Re7 21. h3 Rd8 1/2-1/2

[Event "Hampshire Major"]
[Site "Fareham"]
[Date "2023.11.05"]
[Round "6.12"]
[White "Holmes, David J"]
[Black "Goodlad, Daniel"]
[Result "0-1"]
[WhiteElo "1816"]
[BlackElo "1686"]
[PlyCount "62"]
[EventDate "2023.11.03"]
[EventType "swiss"]
[EventRounds "6"]
[EventCountry "ENG"]
[SourceTitle "BritBase"]
[Source "John Saunders"]
[SourceDate "2025.02.10"]
[SourceVersion "1"]
[SourceVersionDate "2025.02.10"]
[SourceQuality "1"]

1. e4 c5 2. d4 cxd4 3. c3 Nf6 4. e5 Nd5 5. Qxd4 e6 6. Nf3 Nc6 7. Qe4 Be7 8. Nbd2 f5 9. Qe2 Nf4 10. Qe3 Ng6 11. Nc4 Qc7 12. a4 b6 13. h4 O-O 14. h5 Nh8 15. Bd3 Nf7 16. Qe2 Ba6 17. Bf4 Bxc4 18. Bxc4 a5 19. Rd1 h6 20. O-O Kh8 21. Rfe1 Rad8 22. Bb3 Rg8 23. Qe3 g5 24. hxg6 Rxg6 25. g3 Qb7 26. Kg2 Rdg8 27. Rh1 Kh7 28. Rh5 Bc5 29. Qe2 Rg4 30. Rh4 Rxh4 31. Nxh4 Nd4+ 0-1

[Event "Hampshire Major"]
[Site "Fareham"]
[Date "2023.11.05"]
[Round "6.13"]
[White "Agostinelli, David"]
[Black "Charalambous, Charles"]
[Result "1-0"]
[WhiteElo "1727"]
[BlackElo "1478"]
[PlyCount "127"]
[EventDate "2023.11.03"]
[EventType "swiss"]
[EventRounds "6"]
[EventCountry "ENG"]
[SourceTitle "BritBase"]
[Source "John Saunders"]
[SourceDate "2025.02.10"]
[SourceVersion "1"]
[SourceVersionDate "2025.02.10"]
[SourceQuality "1"]

1. c4 e6 2. Nc3 Nf6 3. Nf3 Bb4 4. a3 Bxc3 5. bxc3 c6 6. d3 h6 7. g3 Qb6 8. Bg2 Na6 9. O-O Qa5 10. Bd2 Nc5 11. Qc2 Qa4 12. Qxa4 Nxa4 13. Rfb1 a5 14. Rb3 Nc5 15. Rbb1 Na4 16. Nd4 O-O 17. h3 Nc5 18. a4 Na6 19. Nb3 Nc7 20. d4 b6 21. e4 d5 22. cxd5 exd5 23. e5 Ne4 24. Be1 Ng5 25. Kh2 Bf5 26. Rb2 Rab8 27. Nd2 f6 28. f4 Ne4 29. Nxe4 Bxe4 30. Bxe4 dxe4 31. Rab1 b5 32. axb5 cxb5 33. Kg2 f5 34. Kf2 g6 35. c4 b4 36. d5 Na6 37. Ra2 Nc5 38. Rxa5 Nd3+ 39. Ke2 b3 40. Rb5 b2 41. Bc3 Rxb5 42. cxb5 Rc8 43. Kd2 Rb8 44. Bxb2 Rxb5 45. d6 Kf7 46. Kc2 Ke6 47. Bc3 Rxb1 48. Kxb1 Nf2 49. h4 Nh1 50. Be1 e3 51. Kc2 Nf2 52. Kc3 h5 53. Kd4 Ng4 54. Kd3 Kd7 55. Ke2 Kc6 56. Ba5 Kd7 57. Bb6 Nf2 58. Bxe3 Ne4 59. Bf2 Ke6 60. Be1 Nc5 61. Ke3 Nb3 62. Kd3 Nc1+ 63. Kc4 Ne2 64. Kc5 1-0